[Event "XXX Roquetas de Mar Open 2019"]
[Site "Roquetas de Mar"]
[Date "2019.01.06"]
[Round "8"]
[White "Carlsson, Pontus"]
[Black "Marin, Mihail"]
[Result "1/2-1/2"]
[WhiteElo "2463"]
[BlackElo "2540"]
[Annotator "TA"]
[PlyCount "66"]
[EventDate "2019.01.02"]
[EventType "swiss"]
[EventCountry "ESP"]
[SourceTitle "playchess.com"]
[Source "ChessBase"]
[SourceQuality "1"]

{[%evp 17,66,10,7,12,20,13,27,12,8,0,17,0,26,0,13,0,0,0,0,0,0,-16,0,0,12,0,0,0,0,0,0,0,0,0,0,0,0,-5,0,0,0,0,0,0,0,0,0,0,0,-2,0]} 1. e4 e6 2. d4 d5 3. Nd2 c5 4. exd5 exd5 5. Bb5+ Nc6 6. Ngf3 cxd4 7. Nxd4 Bd7 8. N2b3 Nf6 {[%cal Bg8f6,Bf6g4,Bg4e5,Be5c4][%mdl 32]} 9. O-O Be7 {LiveBook: 3 Games} 10. c3 {C09: French Tarrasch: 3...c5 4 exd5 exd5 5 Ngf3 Nc6} (10. Bf4 O-O 11. Bd3 Nxd4 12. Nxd4 Qb6 13. Nb3 Bb5 14. c3 Rfe8 15. Re1 Bxd3 16. Qxd3 Bd6 17. Bxd6 Qxd6 {½-½ (46) Nevednichy,V (2548)-Sedina,E (2393) Saint Vincent 2004}) 10... O-O 11. Bd3 Re8 $146 ({Predecessor:} 11... Ne5 12. Bc2 Qc7 13. Bf4 Bd6 14. Bxe5 Bxe5 15. h3 Rfe8 16. Qd3 a6 17. Rfd1 Ne4 {½-½ (26) Flegl,V-Pavelka,V Svetla nad Sazavou 1994}) 12. Bg5 {[%cal Bc1g5,Bg5h4,Bh4g3][%mdl 32] White has an edge.} h6 13. Bh4 Ng4 14. Bg3 Bf8 15. Bf5 (15. Qc2 {keeps more tension.} Nge5 16. Bh7+ Kh8 17. Bf5 Nc4 18. Rae1) 15... Nge5 {The position is equal.} 16. Qc2 Bxf5 17. Nxf5 Nc4 18. Rad1 g6 19. Nfd4 Qd7 20. Nf3 Rad8 21. Nbd4 Bg7 22. h3 a6 23. Rfe1 Rxe1+ 24. Rxe1 Re8 25. Rxe8+ Qxe8 26. b3 Na3 27. Qc1 Nb5 28. Nxb5 axb5 29. Bf4 Kh7 30. Bd2 Qe4 31. Qf1 d4 32. cxd4 Nxd4 33. Nxd4 Qxd4 {Accuracy: White = 59%, Black = 70%.} 1/2-1/2

[Event "XXX Roquetas de Mar Open 2019"]
[Site "Roquetas de Mar"]
[Date "2019.01.06"]
[Round "8"]
[White "Barski, Radoslaw"]
[Black "Arjun Kalyan"]
[Result "1/2-1/2"]
[WhiteElo "2458"]
[BlackElo "2395"]
[Annotator "TA"]
[PlyCount "48"]
[EventDate "2019.01.02"]
[EventType "swiss"]
[EventCountry "ESP"]
[SourceTitle "playchess.com"]
[Source "ChessBase"]
[SourceQuality "1"]

{[%evp 20,48,11,20,0,-8,0,-10,0,0,0,-27,-31,-24,-17,-20,-19,-41,-54,-18,-33,-91,-74,-142,-47,-452,-399,-342,-217,-303,-79]} 1. e4 e5 2. Nf3 Nc6 3. Bc4 Bc5 4. O-O Nf6 5. d3 d6 6. a4 a6 {C50: Hungarian Defence and Giuoco Pianissimo} 7. c3 Ba7 8. Re1 O-O 9. Bg5 h6 10. Bh4 g5 11. Bg3 {LiveBook: 4 Games} g4 $146 ({Predecessor:} 11... Nh7 12. Qc1 Kg7 13. h4 {0-1 (26) Robson,R (2668)-Berczes,D (2493) New York 2017}) 12. Nh4 Nh5 13. Na3 Nxg3 14. hxg3 Qf6 15. Rf1 Ne7 16. Nc2 Ng6 17. Nxg6 Qxg6 18. Qe2 Kg7 19. d4 h5 20. Kh2 (20. Rad1 $1 $15) 20... Bd7 21. dxe5 {[#]} (21. f4 $142) 21... dxe5 ({Black should play} 21... Rh8 $1 $17 {White must now prevent ...h4.} 22. e6 fxe6) 22. Bd5 $2 {[%mdl 8192]} ({White should try} 22. Ne3 $15) 22... c6 23. Bc4 Rad8 24. Rad1 {[#]} Bc8 $2 {Accuracy: White = 20%, Black = 57%.} (24... Qg5 $1 $19 25. Rh1 Rh8) 1/2-1/2

[Event "XXX Roquetas de Mar Open 2019"]
[Site "Roquetas de Mar"]
[Date "2019.01.06"]
[Round "8"]
[White "Morozov, Nichita"]
[Black "Bobadilla Viera, Jorge Samuel"]
[Result "1/2-1/2"]
[WhiteElo "2437"]
[BlackElo "2274"]
[Annotator "TA"]
[PlyCount "30"]
[EventDate "2019.01.02"]
[EventType "swiss"]
[EventCountry "ESP"]
[SourceTitle "playchess.com"]
[Source "ChessBase"]
[SourceQuality "1"]

{[%evp 17,30,-17,-13,-4,-21,-23,11,11,4,7,13,0,31,31,19]} 1. d4 Nf6 2. c4 e6 3. Nc3 Bb4 4. g3 O-O 5. Bg2 d5 6. Nf3 dxc4 7. a3 Be7 8. Ne5 Nc6 {A17: English Opening: 1...Nf6 with ...Bb4} 9. Nxc6 (9. Bxc6 bxc6 10. Nxc6 Qe8 11. Nxe7+ Qxe7 12. Qa4 c5 13. dxc5 Qxc5 14. Be3 Qc7 15. Rd1 Nd5 16. Bd4 {1-0 (88) Carlsen,M (2842)-Karjakin,S (2773) Saint Louis 2018}) 9... bxc6 {LiveBook: 10 Games} 10. Qa4 Qxd4 {The position is equal.} 11. Be3 Qd8 12. Bxc6 Bd7 13. Qxc4 Bxc6 14. Qxc6 Qd7 $146 ({Predecessor:} 14... Qd6 15. Qc4 Nd5 16. Bd4 {½-½ (27) Ftacnik,L (2515)-Djuric,S (2435) New York 1986}) 15. Qxd7 Nxd7 1/2-1/2

[Event "XXX Roquetas de Mar Open 2019"]
[Site "Roquetas de Mar"]
[Date "2019.01.06"]
[Round "8"]
[White "Tejedor Fuente, Enrique"]
[Black "Sanchez Jerez, Emilio Miguel"]
[Result "1-0"]
[WhiteElo "2428"]
[BlackElo "2183"]
[Annotator "TA"]
[PlyCount "153"]
[EventDate "2019.01.02"]
[EventType "swiss"]
[EventCountry "ESP"]
[SourceTitle "playchess.com"]
[Source "ChessBase"]
[SourceQuality "1"]

{[%evp 9,153,37,51,50,44,35,33,30,38,39,37,35,47,12,17,17,26,23,24,15,14,20,24,19,30,9,16,21,24,0,0,-32,-1,-26,-23,-16,0,0,-4,-3,0,0,-8,-18,0,-42,0,-81,0,-19,0,0,0,0,0,0,0,0,0,-85,-95,-109,0,0,0,0,89,0,0,0,0,0,0,0,0,0,0,0,232,232,239,255,193,194,240,238,199,197,224,232,225,212,485,500,479,456,648,559,1071,927,1118,1027,1788,1622,1543,1443,2312,2448,6199,1488,5485,5189,29948,3072,1747,6184,6075,6223,5077,3335,1628,1000,1218,979,5189,5273,6111,1860,1155,0,6327,6203,1919,1513,1277,1235,29985,29986,29984,29985,29987,29988,29988,29989,29989,29990]} 1. d4 e6 2. Nf3 a6 3. e4 d5 4. exd5 (4. Nbd2 Nf6 5. e5 Nfd7 6. Bd3 c5 7. c3 Nc6 8. O-O g5 9. dxc5 g4 10. Nd4 Ndxe5 11. N2b3 Nxd3 12. Qxd3 e5 13. Re1 Bg7 14. Nxc6 bxc6 15. Nd4 Qf6 {½-½ (43) Sokolov,I (2625)-Bauer,C (2630) Maastricht 2017}) 4... exd5 5. Bd3 c5 6. O-O {C01: French: Exchange Variation} c4 7. Re1+ ({Much weaker is} 7. Bg5 f6 $17) 7... Be7 $1 8. Bf1 {White is slightly better.} Nc6 9. b3 cxb3 10. axb3 Nf6 11. Bd3 $146 ({Predecessor:} 11. Ne5 O-O 12. Nxc6 bxc6 13. Rxe7 Qxe7 {½-½ (44) Teran Alvarez,I (2382)-Paunovic,D (2517) Coria del Rio 2004}) 11... O-O 12. c3 Bg4 13. h3 Bh5 14. Bf4 Re8 15. Nbd2 Bd6 16. Rxe8+ Nxe8 17. Be3 Nc7 18. Qc2 Bg6 19. Re1 Qf6 20. g3 b5 21. b4 a5 22. bxa5 Rxa5 23. Nh4 Bxd3 24. Qxd3 Ra3 25. Qc2 g6 26. Ndf3 Qd8 27. Bg5 Qa8 28. Qc1 (28. Nf5 $11 Bf8 29. Ne7+ Bxe7 30. Bxe7) 28... Qa5 (28... b4 $17 29. cxb4 Bxb4) 29. Bd2 $1 $11 Qa4 30. Bf4 Bxf4 31. Qxf4 Ne6 32. Rxe6 fxe6 33. Ng5 {Threatening mate with Qf7+.} Qa7 34. Nxe6 (34. Qd6 $11 Rxc3 35. Qxe6+ Kg7 36. Kg2) 34... Qf7 $17 35. Qd6 Ra2 (35... Rxc3 $17 {Hoping for ...Rc2.} 36. Ng5 Qe7 37. Qxd5+ Kh8) 36. Nf4 $40 {[%mdl 128] Black needs to defend precisely.} g5 $1 37. Qxc6 {Qc8+ is the strong threat.} gxf4 $11 {[%mdl 4096] Endgame [#] KQR-KQN} (37... gxh4 $11 38. Qc8+ (38. Qxd5 Qxd5 39. Nxd5 hxg3 $17) 38... Kg7) 38. Qc8+ ({Better is} 38. g4 $1 $16) 38... Qf8 $1 {[%cal Rf8c8]} 39. Qg4+ Kh8 40. Qh5 {aiming for Ng6+.} Qf6 {Threatens to win with ...fxg3.} 41. Qe8+ Kg7 {Strongly threatening ...fxg3.} 42. Qd7+ Kf8 43. Qxh7 fxg3 $2 (43... Ra6 $1 $11 {and Black is okay.} 44. g4 Rc6) 44. Ng6+ $18 Ke8 45. Qg8+ Kd7 46. Qxd5+ Kc7 47. Qxa2 gxf2+ 48. Qxf2 Qxg6+ {KQ-KQ} 49. Kh2 Kb6 50. h4 {[%cal Bh3h4,Bh4h5][%mdl 32]} Qd3 $2 (50... Qd6+ {might work better.} 51. Qg3 Qe7) 51. d5+ Ka6 52. Qf6+ Ka5 (52... Kb7 $142 53. Qc6+ Kb8) 53. Qe5 Qf3 {and the idea ...Qf2+ leaves Black hopeful.} 54. h5 Qf2+ 55. Kh3 Qf3+ 56. Kh4 Qf2+ 57. Kg5 Qd2+ 58. Kg6 Qc2+ 59. Kh6 (59. Kg7 $142 Qg2+ 60. Kf8) 59... Qd2+ 60. Kg7 Qg2+ 61. Kf7 (61. Kf8 $142 Qf2+ 62. Ke8 Qc5 63. h6 Qc8+ 64. Ke7 Qb7+ 65. Kd8 Qa8+ 66. Kd7) 61... Qf2+ 62. Ke8 Qc5 63. h6 Qc8+ 64. Ke7 Qb7+ 65. Kf6 Qh7 66. Qg5 {Qg7 would kill now.} Qh8+ 67. Qg7 Qd8+ 68. Qe7 (68. Ke5 $142 Qb6 69. d6 Qc5+ 70. Ke6 Qe3+ 71. Kd7) 68... Qh8+ 69. Qg7 (69. Kg5 $142 Qxc3 70. h7 Qd2+ 71. Kf6 Qh6+ 72. Kf5 Qh3+ 73. Ke5 Qg3+ 74. Ke6 Qe3+ 75. Kf7 Qf4+ 76. Ke8) 69... Qd8+ 70. Ke5 {[%cal Rg7a7]} Qb6 71. h7 Qe3+ {[#]} 72. Kf5 $1 {Intending Qc7+ and mate.} Qh3+ 73. Ke4 {[%cal Rg7a7] White mates.} Qh4+ 74. Ke5 {[%cal Rg7a7]} Qh2+ 75. Ke6 {[%cal Rg7a7]} Qh3+ 76. Kd6 {[%cal Rg7a7]} Qh2+ 77. Kc6 {Precision: White = 62%, Black = 51%.} 1-0

[Event "XXX Roquetas de Mar Open 2019"]
[Site "Roquetas de Mar"]
[Date "2019.01.06"]
[Round "8"]
[White "Sabuk, Piotr"]
[Black "Bagi, Mate"]
[Result "1/2-1/2"]
[WhiteElo "2395"]
[BlackElo "2453"]
[Annotator "TA"]
[PlyCount "44"]
[EventDate "2019.01.02"]
[EventType "swiss"]
[EventCountry "ESP"]
[SourceTitle "playchess.com"]
[Source "ChessBase"]
[SourceQuality "1"]

{[%evp 12,44,42,42,35,33,37,35,56,54,56,61,51,54,54,31,33,33,23,30,40,31,43,44,77,70,44,29,9,0,67,0,27,0,49]} 1. d4 Nf6 2. c4 g6 3. Nc3 d5 4. Nf3 Bg7 5. h4 (5. Qb3 dxc4 6. Qxc4 O-O 7. e4 Nc6 8. Be2 e5 9. d5 Nd4 10. Nxd4 exd4 11. Qxd4 c6 12. Qc4 b5 13. Qxc6 Bd7 14. Qd6 Re8 15. Bg5 b4 16. Qxb4 Nxd5 17. Nxd5 Qxg5 {½-½ (33) Vidit,S (2711)-Vachier Lagrave,M (2780) chess.com INT 2018}) 5... h6 6. Bf4 {D90: Grünfeld: 4 Nf3 Bg7 sidelines} c6 7. e3 {LiveBook: 3 Games} O-O 8. Qb3 {White is slightly better.} dxc4 $146 ({Predecessor:} 8... a5 9. cxd5 a4 10. Nxa4 Nxd5 11. Bxb8 Qa5+ 12. Nc3 Be6 {1-0 (37) Vidit,S (2565)-Cori Tello,J (2549) Kocaeli 2013}) 9. Bxc4 {And now Bxb8 would win.} b5 10. Bd3 Be6 11. Qc2 Nbd7 12. O-O Rc8 13. Rac1 Qb6 14. b4 a5 15. a3 {[%cal Ba2a3,Ba3b4][%mdl 32]} axb4 16. axb4 Ra8 17. e4 Ra3 18. Rfe1 Rfa8 19. Nb1 R3a6 20. Nc3 (20. Qd2 $11) 20... Ra3 $14 21. Nb1 R3a6 22. Nc3 Ra3 {Accuracy: White = 50%, Black = 92%.} 1/2-1/2

[Event "XXX Roquetas de Mar Open 2019"]
[Site "Roquetas de Mar"]
[Date "2019.01.06"]
[Round "8"]
[White "Suarez Uriel, Adrian"]
[Black "Xu, Yi"]
[Result "0-1"]
[WhiteElo "2391"]
[BlackElo "2528"]
[Annotator "TA"]
[PlyCount "100"]
[EventDate "2019.01.02"]
[EventType "swiss"]
[EventCountry "ESP"]
[SourceTitle "playchess.com"]
[Source "ChessBase"]
[SourceQuality "1"]

{[%evp 13,100,0,8,0,0,0,0,0,0,0,0,-16,-6,-102,-99,-87,-68,-210,-195,-189,-189,-335,-97,-91,-95,-97,-89,-87,-98,-94,-92,-98,-98,-98,-97,-97,-91,-90,-89,-100,-95,-153,-169,-152,-159,-165,-152,-237,-229,-393,-124,-117,-122,-133,-102,-124,-106,-167,-139,-176,-162,-213,-222,-183,-145,-154,-152,-188,-186,-316,-271,-347,-325,-375,-359,-352,-304,-676,-667,-678,-668,-650,-631,-2002,-1253,-2750,-2138,-1538,-1482]} 1. e4 c5 2. Nf3 Nc6 3. d4 cxd4 4. Nxd4 Nf6 5. Nc3 e6 6. a3 Be7 7. f4 O-O {LiveBook: 3 Games. B45: Sicilian Four Knights} (7... d6 8. Be2 O-O 9. O-O e5 10. Nb3 a5 11. f5 a4 12. Nd2 d5 13. Nxd5 Nxd5 14. exd5 Qxd5 15. Bd3 {1-0 (25) Steinberg,N (2524)-Meribanov,V (2386) St Petersburg 2017}) 8. Nf3 d5 9. e5 Nd7 {The position is equal.} 10. Be3 a6 $146 ({Predecessor:} 10... f6 11. exf6 Nxf6 12. g3 Kh8 13. Bg2 Bd7 14. Nd4 Nxd4 15. Bxd4 Qc7 16. O-O Bc5 {1-0 (28) Zabiak,J-Nagy,S Hungary 1997}) 11. Bd3 f6 12. exf6 Bxf6 13. Ne2 (13. Bf2 $11) 13... e5 14. fxe5 Ndxe5 15. Nxe5 (15. O-O $1 $15) 15... Bxe5 $19 16. c3 Bg4 17. Qd2 (17. Qb3 {keeps fighting.} Bc7 18. O-O-O) 17... Bxe2 $2 (17... Na5 $1 $19 {[%cal Ra5b3]} 18. Qc2 Qh4+ 19. Kd1 Rae8) 18. Qxe2 $17 Qh4+ 19. Bf2 Qh6 $1 20. Be3 Bf4 $1 {[%cal Rf4e3]} 21. Bxf4 Rxf4 22. Rf1 Rxf1+ ({Of course not} 22... Qxh2 $6 23. Qe6+ Kh8 24. O-O-O $11) 23. Kxf1 Qxh2 24. Qe6+ Kh8 25. Qh3 Rf8+ 26. Ke2 Qe5+ 27. Kd1 {[#]} (27. Qe3 $142) 27... g6 $1 {[%mdl 512]} 28. Rc1 (28. Bxg6 Rf1+) 28... d4 29. c4 Qg5 30. Rc2 (30. Kc2 $17) 30... Ne5 $19 {aiming for ...Ng4.} 31. Re2 $2 (31. Rd2) 31... Ng4 $2 (31... Rf1+ $19 {is more deadly.} 32. Kc2 Qc1+ 33. Kb3 Qd1+ {[%mdl 64] Double Attack} 34. Ka2 Nxd3 35. Qc8+ Kg7 36. Qd7+ Kf6 37. Qxd4+ Kg5 38. Qe3+ Nf4) 32. Kc2 $17 Ne3+ 33. Kb1 Qf6 34. Rd2 Kg7 $36 {[%mdl 2048] Black has strong initiative.} 35. Be2 (35. g4 $17) 35... Rf7 {White must now prevent ...Qf2.} 36. Ka2 Qf4 37. g3 {[#]} (37. Rd3 $142) 37... Qe5 $1 $19 38. Bd3 h5 39. Qh4 Qf6 40. Qxf6+ Kxf6 $17 {[%mdl 4096] Endgame KRB-KRN} ({Don't play} 40... Rxf6 41. c5 $17) 41. Be4 (41. c5 $142) 41... Re7 $19 ({Stronger than} 41... Nxc4 42. Rf2+ Ke5 43. Rxf7 $15) 42. Bf3 Ke5 (42... Nxc4 $2 43. Rxd4 b5 44. b3 $17) 43. c5 Rf7 44. Bh1 g5 {[%cal Bg6g5,Bg5g4,Bg4g3][%mdl 32]} 45. b4 $2 (45. Rd3) 45... g4 {Black is clearly winning.} 46. Kb3 {[#]} h4 $1 {[%mdl 512]} 47. gxh4 g3 48. h5 {Now h6 and White clings on.} Rf2 49. Rb2 d3 {[%cal Bd4d3,Bd3d2][%mdl 32]} 50. h6 d2 {Accuracy: White = 33%, Black = 75%.} 0-1

[Event "XXX Roquetas de Mar Open 2019"]
[Site "Roquetas de Mar"]
[Date "2019.01.06"]
[Round "8"]
[White "Gines Esteo, Pedro Antonio"]
[Black "Del Rio De Angelis, Salvador G."]
[Result "1-0"]
[WhiteElo "2318"]
[BlackElo "2501"]
[Annotator "TA"]
[PlyCount "94"]
[EventDate "2019.01.02"]
[EventType "swiss"]
[EventCountry "ESP"]
[SourceTitle "playchess.com"]
[Source "ChessBase"]
[SourceQuality "1"]

{[%evp 15,94,48,63,45,50,32,36,21,22,25,50,39,38,29,34,26,45,45,51,47,40,65,64,60,84,63,53,47,42,5,37,32,60,56,53,8,67,83,80,43,81,87,129,125,120,111,127,106,111,131,99,37,27,33,18,10,36,21,83,78,116,85,271,261,238,199,568,577,693,702,685,688,645,645,725,695,723,715,974,951,1871]} 1. d4 Nf6 2. c4 d6 3. Nc3 Nbd7 4. Nf3 c6 5. e4 e5 6. Be2 a6 7. O-O Be7 8. Be3 {A55: Old Indian Defence with Nf3 and e4} (8. Qc2 b5 9. c5 Qc7 10. cxd6 Bxd6 11. h3 O-O 12. Bg5 Re8 13. dxe5 Nxe5 14. Bxf6 gxf6 15. Nd4 b4 {0-1 (57) Loiseau,Q (2402)-Del Rio de Angelis,S (2525) Escaldes 2018}) 8... b5 {LiveBook: 12 Games} 9. Qc2 b4 10. Nb1 {White is slightly better.} O-O $146 ({Predecessor:} 10... c5 11. d5 a5 12. Ne1 Nf8 13. Nd2 Ng6 {½-½ (13) Karolyi,T (2390)-Portisch,F (2390) Hungary 1991}) 11. h3 c5 12. d5 $1 g6 13. Bh6 Re8 14. Nbd2 Nh5 15. g3 Ndf6 16. Kg2 Ng7 17. a3 bxa3 18. Rxa3 Kh8 19. Ne1 Qd7 20. Rh1 Ng8 21. Be3 f5 22. exf5 gxf5 23. Nd3 Nf6 24. f4 Qc7 25. Qc3 {[%cal Rf4e5]} Nd7 (25... Bb7 $11 26. Nf2 (26. fxe5 Bxd5+ 27. Nf3 Ne4 $17) 26... Bd8) 26. fxe5 $14 dxe5 27. Rf1 Bd6 28. Qa5 Ra7 29. Qxc7 Rxc7 30. Ra5 Bb7 31. g4 e4 32. Nf4 Be5 33. Rb1 (33. Nb3 $16) 33... Bd4 34. Nf1 fxg4 35. hxg4 {[%cal Bh3g4,Bg4h5][%mdl 32]} Rf8 {[#] And now ...Bxe3 would win.} 36. Kg3 {[%cal Bg2g3,Bg3f2,Bf2e3][%mdl 32]} Be5 (36... Rg8 $11 {keeps the balance.}) 37. Nd2 $16 Nb6 38. b4 Nh5+ $2 ({Not} 38... Rcf7 $2 39. bxc5 Nc8 40. Rf1 $18 (40. Nxe4 Rxf4 41. Bxf4 Rxf4 $16)) (38... cxb4 $16 39. Rxb4 Nc8) 39. gxh5 $18 Rg7+ {[#]} 40. Kf2 $1 Bxf4 $2 (40... Bd4) 41. Bxf4 {White is clearly winning.} e3+ 42. Kxe3 Re7+ 43. Kd3 Rxf4 44. bxc5 Nxc4 45. Nxc4 Bxd5 46. Nd6 Kg7 47. Rxa6 Rh4 {Accuracy: White = 59%, Black = 43%.} 1-0

[Event "XXX Roquetas de Mar Open 2019"]
[Site "Roquetas de Mar"]
[Date "2019.01.06"]
[Round "8"]
[White "Garcia Martin, Marta"]
[Black "Gascon Del Nogal, Jose Rafael"]
[Result "1/2-1/2"]
[WhiteElo "2296"]
[BlackElo "2486"]
[Annotator "TA"]
[PlyCount "78"]
[EventDate "2019.01.02"]
[EventType "swiss"]
[EventCountry "ESP"]
[SourceTitle "playchess.com"]
[Source "ChessBase"]
[SourceQuality "1"]

{[%evp 13,78,43,47,50,53,50,48,39,57,57,118,118,124,118,247,246,226,96,184,160,155,140,119,114,123,125,148,162,175,195,222,135,139,99,141,138,161,161,161,161,206,150,150,150,150,150,150,150,150,130,133,124,129,128,135,132,150,125,118,118,150,150,150,150,150,150,150]} 1. e4 g6 2. d4 Bg7 3. Nf3 d6 4. Bc4 e6 5. Bb3 b6 (5... Ne7 6. O-O O-O 7. Re1 Nd7 8. c3 a6 9. Nbd2 b5 10. Nf1 c5 11. Ng3 Bb7 12. Bf4 e5 13. Be3 exd4 14. cxd4 {0-1 (40) Grandelius,N (2653)-Dubov,D (2677) Germany 2017}) 6. O-O {B06: Modern Defence} Ne7 7. Re1 Bb7 {LiveBook: 14 Games} 8. c4 {White is slightly better.} O-O 9. Nc3 Nd7 10. Bc2 $146 ({Predecessor:} 10. Be3 h6 11. Qe2 Kh7 12. Rad1 a6 13. a4 {1-0 (36) Conquest,S (2519)-Ansell,S (2410) Sheffield 2011}) 10... a6 11. d5 Bxc3 (11... Ne5 $14) 12. bxc3 $16 e5 13. Bh6 Re8 (13... a5 $16 14. Rb1 (14. Bxf8 Qxf8 15. Nd2 h5 $16) 14... Nc5 15. Bxf8 Qxf8) 14. Ng5 $1 $18 Nc8 15. Ba4 ({Don't do} 15. Qf3 $6 f6 $16) (15. Rf1 $18) 15... f6 {[#]} (15... b5 $16 {was worth a try.} 16. cxb5 a5) 16. Qg4 $1 ({Don't take} 16. Ne6 Rxe6 17. dxe6 Nc5 $16) 16... Nc5 17. Bxe8 Qxe8 18. Nf3 Ne7 19. Nd2 g5 {[#]} 20. h4 $1 {[%cal Bh2h4,Bh4g5][%mdl 32]} Qg6 21. hxg5 Kh8 22. Re3 Rg8 {Threatening ...Qxh6.} 23. Rg3 {gxf6! is the strong threat.} f5 24. Qf3 f4 25. Rh3 Bc8 26. Rh4 Qe8 27. Qe2 Ng6 28. Rh2 Qa4 29. Qd1 Qxd1+ 30. Rxd1 a5 31. f3 Ba6 32. Rc1 Rb8 33. Rb1 Na4 34. Rb3 Kg8 35. Kf2 {[%cal Bg1f2,Bf2e2,Be2d1,Bd1c2][%mdl 32]} Nc5 36. Rb1 Kf7 37. Ke2 {White is clearly better.} Rg8 38. Kd1 Ne7 39. Kc2 Ng6 {Precision: White = 58%, Black = 52%.} 1/2-1/2